Jordan love quiz - Statistics

General Stats
  • This quiz has been taken 21 times
  • The average score is 9 of 11
Answer Stats
Hint Answer % Correct
His jersey number 10
100%
His Current football team Packers/Green Bay Packers
100%
His position QB/Quarterback
100%
Draft Year 2020
95%
Number drafted (1st round pick) 26
95%
Madden 26 Overall 85
95%
Quarterback he was a backup for from 2020-2022 Aaron Rodgers/Rodgers
95%
His college Utah State
89%
Team he threw 20 consecutive completions against Steelers
68%
His nickname Pookie/Loveboat/Love train
63%
His birthday November 2
47%
No matching quizzes found
Score Distribution
Percent of People with Each Score
Percentile by Number Answered
Your Score History
You have not taken this quiz